LEADER 00868nam0-2200301 --450 001 9910724001203321 005 20230607114357.0 010 $a978-88-7075-806-1 100 $a20230607d2015----km y0itay50 ba 101 0 $aita 102 $aIT 105 $ay 001yy 200 1 $aCome creare un gruppo di lettura in biblioteca$fBianca Verri 210 $aMilano$cBibliografica$d2015 215 $a71 p.$d15 cm 225 1 $aLibrary toolbox$v5 610 0 $aLettura$aDiffusione 676 $a028.8$v23$zita 676 $a027.4$v23$zita 700 1$aVerri,$bBianca$0480792 801 0$aIT$bUNINA$gREICAT$2UNIMARC 901 $aBK 912 $a9910724001203321 952 $aCOLLEZ. 2500 (5)$b4136/2020$fFSPBC 952 $aBIBLIO 141$b3332/2018$fFSPBC 959 $aFSPBC 996 $aCome creare un gruppo di lettura in biblioteca$9255292 997 $aUNINA LEADER 00844nam a22002411i 4500 001 991001686699707536 005 20031202163916.0 008 040407s1972 uik|||||||||||||||||eng 035 $ab12808313-39ule_inst 035 $aARCHE-078794$9ExL 040 $aDip.to Scienze Storiche$bita$cA.t.i. Arché s.c.r.l. Pandora Sicilia s.r.l. 082 04$a355.02 100 1 $aSearle, John R.$027859 245 14$aThe campus war /$cJohn R. Searle 260 $a[England] :$bPenguin Books,$c1972 300 $a1 v. ;$c19 cm 650 4$aGuerra$xStoria 907 $a.b12808313$b02-04-14$c16-04-04 912 $a991001686699707536 945 $aLE009 STOR.897-27$g1$i2009000369252$lle009$o-$pE0.00$q-$rl$s- $t0$u3$v1$w3$x0$y.i13356306$z16-04-04 996 $aCampus war$9298129 997 $aUNISALENTO 998 $ale009$b16-04-04$cm$da $e-$feng$guik$h4$i1